[Event "DVM U14 2019"]
[Site "Magdeburg GER"]
[Date "2019.12.30"]
[Round "7"]
[White "Schreidl, Michael"]
[Black "Toth, Marc"]
[Result "1-0"]
[Termination "normal"]
[Board "6.2"]
[WhiteElo "1632"]
[BlackElo "1564"]
[WhiteTeam "SK Frankenthal"]
[BlackTeam "SC Untergrombach 46"]
[PlyCount "67"]
[WhiteFideId "16265750"]
[BlackFideId "16260210"]
[EventCountry "GER"]
[EventRounds "7"]
[EventType "team-swiss"]
[EventDate "2019.12.26"]

1. e4 c6 2. d4 d5 3. exd5 cxd5 4. c4 Nf6 5. Nc3 e6 6. Bg5 Be7 7. a3 Nc6 8. Nf3
O-O 9. c5 b6 10. Bb5 Bb7 11. Bxc6 Bxc6 12. Ne5 Qc7 13. b4 bxc5 14. bxc5 Rfe8
15. Bf4 Qb7 16. Rb1 Qa6 17. Nxc6 Qxc6 18. O-O Nd7 19. Nb5 e5 20. dxe5 Nxc5 21.
Nd4 Qg6 22. Bd2 Ne4 23. Bb4 Bxb4 24. Rxb4 Rxe5 25. Nf3 Re7 26. Qxd5 Rae8 27.
Rb7 Kf8 28. Rxe7 Rxe7 29. Ne5 Qe6 30. Qxe4 Qxe5 31. Qa8+ Re8 32. Qxa7 Qc3 33.
Qa4 Re1 34. Qb4+ 1-0

[Event "DVM U14 2019"]
[Site "Magdeburg GER"]
[Date "2019.12.30"]
[Round "7"]
[White "Richter, Simon"]
[Black "Yergin, Danyar"]
[Result "1/2-1/2"]
[Termination "normal"]
[Board "6.3"]
[WhiteElo "1476"]
[BlackElo "1428"]
[WhiteTeam "SC Untergrombach 46"]
[BlackTeam "SK Frankenthal"]
[PlyCount "50"]
[WhiteFideId "16258347"]
[BlackFideId "16243722"]
[EventCountry "GER"]
[EventRounds "7"]
[EventType "team-swiss"]
[EventDate "2019.12.26"]

1. e4 c6 2. d4 d5 3. Nd2 dxe4 4. Nxe4 Nd7 5. Nf3 Ngf6 6. Nxf6+ Nxf6 7. c3 Bg4
8. Be2 e6 9. Ne5 Bxe2 10. Qxe2 Nd7 11. O-O Nxe5 12. dxe5 g6 13. Rd1 Qc7 14. Bf4
Bg7 15. Rd6 O-O 16. Rad1 Rfd8 17. Qd2 Rxd6 18. Qxd6 Qxd6 19. Rxd6 Kf8 20. Kf1
Ke8 21. Ke2 Rd8 22. Rxd8+ Kxd8 23. Kd3 Kc7 24. h3 c5 25. c4 a6 1/2-1/2

[Event "DVM U14 2019"]
[Site "Magdeburg GER"]
[Date "2019.12.30"]
[Round "7"]
[White "Morgenthaler, Nick"]
[Black "Kling, Simon"]
[Result "1-0"]
[Termination "normal"]
[Board "6.4"]
[WhiteElo "1391"]
[BlackElo "1136"]
[WhiteTeam "SK Frankenthal"]
[BlackTeam "SC Untergrombach 46"]
[PlyCount "109"]
[WhiteFideId "16286138"]
[BlackFideId "16282655"]
[EventCountry "GER"]
[EventRounds "7"]
[EventType "team-swiss"]
[EventDate "2019.12.26"]

1. d4 d5 2. c4 e5 3. dxe5 d4 4. Nf3 Nc6 5. a3 Nge7 6. e3 Nf5 7. exd4 Nfxd4 8.
Nxd4 Qxd4 9. Nc3 Qxe5+ 10. Be2 a6 11. Nd5 Bd6 12. Bf4 Qe6 13. Nxc7+ Bxc7 14.
Bxc7 O-O 15. O-O Qf6 16. b4 Be6 17. c5 Rac8 18. Bd6 Rfd8 19. Bg4 Bxg4 20. Qxg4
Ne7 21. Rae1 Nf5 22. Rd1 Rd7 23. Rd5 Rdd8 24. Qxf5 Qc3 25. Rd3 Qb2 26. Be5 Qe2
27. Re3 Qd2 28. Rg3 g6 29. Qf6 Kf8 30. Bd6+ Kg8 31. Bf4 Qd5 32. Bh6 Qd4 33.
Qxd4 Rxd4 34. Re3 f6 35. Re7 Rcd8 36. Rxb7 R4d7 37. Rb6 Ra8 38. Rxf6 Rd3 39.
Ra1 Rad8 40. h3 Rc3 41. Rxa6 Kf7 42. c6 Kg8 43. a4 Rc2 44. b5 Rb8 45. Rb1 Rc5
46. Ra7 Rc8 47. a5 Rb8 48. Rb7 Rc8 49. a6 Re5 50. c7 Re7 51. b6 Kf7 52. Rb8
Ree8 53. Rxc8 Rxc8 54. b7 Rxc7 55. b8=Q 1-0

[Event "DVM U14 2019"]
[Site "Magdeburg GER"]
[Date "2019.12.30"]
[Round "7"]
[White "Kraftsik, Christian"]
[Black "Toval, David"]
[Result "0-1"]
[Termination "normal"]
[Board "7.1"]
[WhiteElo "1850"]
[BlackElo "1853"]
[WhiteTeam "Schach-Club Vaterstetten-Grasbrunn"]
[BlackTeam "Schachklub Münster 32 e. V."]
[PlyCount "114"]
[WhiteFideId "16242548"]
[BlackFideId "12992755"]
[EventCountry "GER"]
[EventRounds "7"]
[EventType "team-swiss"]
[EventDate "2019.12.26"]

1. d4 Nf6 2. c4 g6 3. Nc3 Bg7 4. e4 d6 5. Nf3 O-O 6. Be2 e5 7. d5 a5 8. O-O Na6
9. Bg5 Qe8 10. Bh4 Nd7 11. Nd2 Ndc5 12. f3 f5 13. Bf2 f4 14. b3 Bd7 15. a3 g5
16. Rb1 b6 17. Qc2 Rf6 18. b4 Nb7 19. c5 dxc5 20. bxc5 Naxc5 21. Bb5 Rd8 22.
Bxd7 Rxd7 23. Na4 Bf8 24. Nxc5 Bxc5 25. Bxc5 Nxc5 26. Nb3 Nxb3 27. Qxb3 Kh8 28.
Qc3 Rg7 29. h3 h5 30. Ra1 g4 31. fxg4 hxg4 32. hxg4 Rfg6 33. Rf3 Rxg4 34. Ra2
Qg6 35. Qc2 Rxg2+ 36. Qxg2 Qxe4 37. Rh3+ Kg8 38. Qxg7+ Kxg7 39. Rg2+ Kf7 40.
Rgh2 Qxd5 41. Rh7+ Ke6 42. Rxc7 Qd1+ 43. Kf2 Qd2+ 44. Kg1 Qe1+ 45. Kg2 Qg3+ 46.
Kh1 f3 47. Rc1 f2 48. Rh6+ Kd5 49. Rf1 Qf3+ 50. Kh2 Qf4+ 51. Kg2 Qxh6 52. Rxf2
e4 53. a4 e3 54. Rf3 e2 55. Rd3+ Ke4 56. Rd7 Qg5+ 57. Kf2 Qf5+ 0-1

[Event "DVM U14 2019"]
[Site "Magdeburg GER"]
[Date "2019.12.30"]
[Round "7"]
[White "Schröder, Lennart"]
[Black "Lerchl, Clemens"]
[Result "1-0"]
[Termination "normal"]
[Board "7.2"]
[WhiteElo "1863"]
[BlackElo "1743"]
[WhiteTeam "Schachklub Münster 32 e. V."]
[BlackTeam "Schach-Club Vaterstetten-Grasbrunn"]
[PlyCount "47"]
[WhiteFideId "16222490"]
[BlackFideId "16226372"]
[EventCountry "GER"]
[EventRounds "7"]
[EventType "team-swiss"]
[EventDate "2019.12.26"]

1. d4 Nf6 2. c4 g6 3. Nf3 Bg7 4. Nc3 O-O 5. Bg5 d6 6. e3 Nbd7 7. Be2 c5 8. d5
a6 9. O-O Rb8 10. a4 h6 11. Bh4 Nb6 12. a5 Na8 13. Qc2 b6 14. axb6 Qxb6 15.
Rfb1 Nc7 16. e4 Bg4 17. e5 dxe5 18. Nxe5 Bf5 19. Bd3 Bxd3 20. Nxd3 g5 21. Bg3
Nfe8 22. Na4 Qb3 23. Qxb3 Rxb3 24. Naxc5 1-0

[Event "DVM U14 2019"]
[Site "Magdeburg GER"]
[Date "2019.12.30"]
[Round "7"]
[White "Popovici, Liviu-Daniel"]
[Black "Weidemann, Jakob"]
[Result "1/2-1/2"]
[Termination "normal"]
[Board "7.3"]
[WhiteElo "1526"]
[BlackElo "1565"]
[WhiteTeam "Schach-Club Vaterstetten-Grasbrunn"]
[BlackTeam "Schachklub Münster 32 e. V."]
[PlyCount "49"]
[WhiteFideId "1253689"]
[BlackFideId "16255470"]
[EventCountry "GER"]
[EventRounds "7"]
[EventType "team-swiss"]
[EventDate "2019.12.26"]

1. e4 c5 2. Nf3 d6 3. d4 cxd4 4. Nxd4 Nf6 5. Nc3 g6 6. Be3 Bg7 7. h3 O-O 8. Be2
Nc6 9. Qd2 a6 10. O-O d5 11. exd5 Nxd5 12. Nxd5 Nxd4 13. Bxd4 Qxd5 14. Rfd1 Rd8
15. c3 Bxd4 16. Qxd4 Qxd4 17. Rxd4 Rxd4 18. cxd4 Be6 19. b3 Rd8 20. Rd1 Bd5 21.
Kf1 Rc8 22. Bd3 a5 23. f3 Kg7 24. Ke2 Kf6 25. Be4 1/2-1/2

[Event "DVM U14 2019"]
[Site "Magdeburg GER"]
[Date "2019.12.30"]
[Round "7"]
[White "Kvantaliani, Saba"]
[Black "Karpen, Jakob"]
[Result "1-0"]
[Termination "normal"]
[Board "7.4"]
[WhiteElo "1523"]
[BlackElo "1381"]
[WhiteTeam "Schachklub Münster 32 e. V."]
[BlackTeam "Schach-Club Vaterstetten-Grasbrunn"]
[PlyCount "109"]
[WhiteFideId "16284364"]
[BlackFideId "16255453"]
[EventCountry "GER"]
[EventRounds "7"]
[EventType "team-swiss"]
[EventDate "2019.12.26"]

1. e4 e5 2. Nc3 Nf6 3. Bc4 Bc5 4. Nf3 Nc6 5. d3 d6 6. Bg5 h6 7. Bh4 Bg4 8. h3
Bh5 9. Nd5 Nd4 10. Nxf6+ gxf6 11. g4 Bg6 12. Nxd4 Bxd4 13. c3 Bb6 14. Qf3 Rh7
15. Bxf6 Qd7 16. Qg3 c6 17. O-O-O Bd8 18. Bxd8 Qxd8 19. f4 f6 20. f5 Bf7 21.
Bxf7+ Kxf7 22. h4 Rg7 23. d4 Qe7 24. Rhg1 Rag8 25. dxe5 dxe5 26. Qf3 c5 27. Rd5
b6 28. Qd1 Ke8 29. Qa4+ Kf8 30. Qd1 Ke8 31. Rd6 b5 32. Re6 h5 33. Rxe7+ Kxe7
34. Qd5 Rxg4 35. Qe6+ Kf8 36. Qxf6+ Ke8 37. Qxe5+ Kf7 38. Rd1 Rg1 39. Qc7+ Kf6
40. Qxc5 Rxd1+ 41. Kxd1 Rd8+ 42. Ke2 b4 43. Qc4 Re8 44. Qxb4 a5 45. Qd4+ Kf7
46. e5 a4 47. Qd7+ Re7 48. e6+ Kf6 49. Qd5 a3 50. b3 Kg7 51. Qe5+ Kh7 52. f6
Re8 53. Qxh5+ Kg8 54. Qg6+ Kf8 55. Qg7# 1-0

[Event "DVM U14 2019"]
[Site "Magdeburg GER"]
[Date "2019.12.30"]
[Round "7"]
[White "Schröter, Christopher"]
[Black "Zwecker, Hagen"]
[Result "1/2-1/2"]
[Termination "normal"]
[Board "8.1"]
[WhiteElo "1618"]
[BlackElo "1480"]
[WhiteTeam "1. Schachclub Anhalt"]
[BlackTeam "SV 1947 Walldorf"]
[PlyCount "88"]
[WhiteFideId "16274970"]
[BlackFideId "12991007"]
[EventCountry "GER"]
[EventRounds "7"]
[EventType "team-swiss"]
[EventDate "2019.12.26"]

1. d4 d5 2. g3 Nf6 3. Bg2 Bf5 4. c4 e6 5. cxd5 exd5 6. Nc3 Bb4 7. Qb3 Nc6 8. e3
O-O 9. Nge2 Re8 10. O-O Be6 11. a3 Bxc3 12. Nxc3 Na5 13. Qb4 c6 14. Na4 b6 15.
Qc3 Bd7 16. b4 Nc4 17. Nb2 b5 18. Nd3 Bf5 19. Nc5 Nd7 20. a4 Nxc5 21. bxc5 a6
22. Bd2 Qd7 23. Ra2 Reb8 24. axb5 axb5 25. Rfa1 Rxa2 26. Rxa2 g6 27. Qa1 Nxd2
28. Rxd2 b4 29. Rb2 Qb7 30. Qe1 b3 31. e4 dxe4 32. Bxe4 Re8 33. f3 Qd7 34. Qe3
Bxe4 35. fxe4 f5 36. e5 Kg7 37. Rxb3 Rd8 38. Rb4 Qa7 39. Qc1 Qa5 40. Rb7+ Kg8
41. Qc4+ Kh8 42. Rb1 Qd2 43. Qb4 Qe3+ 44. Kh1 Qf3+ 1/2-1/2

[Event "DVM U14 2019"]
[Site "Magdeburg GER"]
[Date "2019.12.30"]
[Round "7"]
[White "Kokowski, Kevin"]
[Black "Rohde, Niclas"]
[Result "1-0"]
[Termination "normal"]
[Board "8.2"]
[WhiteElo "1627"]
[BlackElo "1609"]
[WhiteTeam "SV 1947 Walldorf"]
[BlackTeam "1. Schachclub Anhalt"]
[PlyCount "49"]
[WhiteFideId "16256417"]
[BlackFideId "16230205"]
[EventCountry "GER"]
[EventRounds "7"]
[EventType "team-swiss"]
[EventDate "2019.12.26"]

1. e4 d6 2. d4 Nf6 3. Nc3 g6 4. f4 Bg7 5. Nf3 O-O 6. Bd3 c6 7. O-O b6 8. Qe1
Bb7 9. Qh4 e6 10. f5 exf5 11. exf5 Nbd7 12. Bh6 Nh5 13. Bg5 Bf6 14. g4 h6 15.
Bxf6 Nhxf6 16. fxg6 fxg6 17. Qxh6 Qe8 18. Bxg6 Qe7 19. Rae1 Qg7 20. Qg5 c5 21.
Nh4 Nh5 22. Bh7+ Kh8 23. Ng6+ Kxh7 24. Qxh5+ Kg8 25. Ne7+ 1-0

[Event "DVM U14 2019"]
[Site "Magdeburg GER"]
[Date "2019.12.30"]
[Round "7"]
[White "Böhm, Florian"]
[Black "Dang, Phuong Anh"]
[Result "0-1"]
[Termination "normal"]
[Board "8.3"]
[WhiteElo "1445"]
[BlackElo "1442"]
[WhiteTeam "1. Schachclub Anhalt"]
[BlackTeam "SV 1947 Walldorf"]
[PlyCount "58"]
[WhiteFideId "16274989"]
[BlackFideId "16247353"]
[EventCountry "GER"]
[EventRounds "7"]
[EventType "team-swiss"]
[EventDate "2019.12.26"]

1. c4 c5 2. g3 g6 3. Bg2 Bg7 4. Nf3 Nf6 5. O-O O-O 6. d3 e6 7. e4 d6 8. Be3 Nc6
9. Nc3 a6 10. Qc1 Ng4 11. Bg5 Qc7 12. h3 Nge5 13. Nxe5 Nxe5 14. Qd2 Bd7 15.
Rad1 b5 16. Kh2 bxc4 17. dxc4 Nxc4 18. Qxd6 Nxd6 19. e5 Bxe5 20. Bxa8 Rxa8 21.
Rfe1 f6 22. Bc1 Bc6 23. f4 Bxc3 24. bxc3 Bd5 25. Re2 Bf3 26. Rde1 Bxe2 27. Rxe2
Kg7 28. Ba3 Rb8 29. Rd2 Nc4 0-1

[Event "DVM U14 2019"]
[Site "Magdeburg GER"]
[Date "2019.12.30"]
[Round "7"]
[White "Günther, Fabian"]
[Black "Kittel, Lennart"]
[Result "0-1"]
[Termination "normal"]
[Board "9.1"]
[WhiteElo "1499"]
[BlackElo "1493"]
[WhiteTeam "USV TU Dresden"]
[BlackTeam "SF 1876 Göppingen"]
[PlyCount "96"]
[WhiteFideId "16240294"]
[BlackFideId "16254171"]
[EventCountry "GER"]
[EventRounds "7"]
[EventType "team-swiss"]
[EventDate "2019.12.26"]

1. d4 Nf6 2. c4 e6 3. Nc3 d5 4. Bg5 c6 5. cxd5 cxd5 6. e3 Be7 7. Bd3 O-O 8. Nf3
Nc6 9. a3 Bd7 10. Qd2 Rc8 11. O-O Ne8 12. Bxe7 Nxe7 13. e4 dxe4 14. Bxe4 Nd6
15. Ne5 Rxc3 16. Bxh7+ Kxh7 17. Qxc3 Nc6 18. f4 Nf5 19. Nxc6 Bxc6 20. Rad1 Qd5
21. Rd2 Rd8 22. Rfd1 Ba4 23. Re1 Nxd4 24. Kf2 Bc6 25. Qh3+ Kg8 26. Red1 Qe4 27.
Qg3 Rd5 28. Re1 Nf5 29. Rxd5 Qc2+ 30. Re2 Qxe2+ 31. Kxe2 Nxg3+ 32. Kf3 Bxd5+
33. Kxg3 Kh7 34. Kf2 Kg6 35. g4 f6 36. h4 f5 37. g5 Kh5 38. Kg3 Bb3 39. Kh3 a5
40. Kg3 a4 41. Kh3 Bd1 42. Kg3 Bg4 43. Kf2 Kxh4 44. Ke3 Kg3 45. Kd4 Kxf4 46.
Kc5 Bf3 47. g6 Kg5 48. Kb4 Bc6 0-1

[Event "DVM U14 2019"]
[Site "Magdeburg GER"]
[Date "2019.12.30"]
[Round "7"]
[White "Schedel, Loris"]
[Black "Döge, Wolf-Peter"]
[Result "0-1"]
[Termination "normal"]
[Board "9.2"]
[WhiteElo "1369"]
[BlackElo "1530"]
[WhiteTeam "SF 1876 Göppingen"]
[BlackTeam "USV TU Dresden"]
[PlyCount "82"]
[WhiteFideId "16255542"]
[BlackFideId "16281829"]
[EventCountry "GER"]
[EventRounds "7"]
[EventType "team-swiss"]
[EventDate "2019.12.26"]

1. e4 e6 2. d4 d5 3. Nc3 Bb4 4. Nge2 c5 5. a3 Bxc3+ 6. Nxc3 dxe4 7. Be3 cxd4 8.
Bxd4 Nf6 9. Bxf6 Qxf6 10. Bb5+ Bd7 11. O-O Qd8 12. Bxd7+ Qxd7 13. Nxe4 b6 14.
Qg4 f5 15. Qh5+ Kf8 16. Rad1 Qe8 17. Qxe8+ Kxe8 18. Ng5 e5 19. Rfe1 Nd7 20. Ne6
Kf7 21. Rxd7+ Kxe6 22. Rxg7 a5 23. Rb7 Rab8 24. Rxb8 Rxb8 25. f4 e4 26. Kf2 Rd8
27. Ke3 h5 28. h3 Rg8 29. Re2 h4 30. Kd4 Rc8 31. b4 axb4 32. axb4 b5 33. Ke3
Rc3+ 34. Kd2 Rg3 35. c3 Kd5 36. Kc2 Kc4 37. Rd2 Rxc3+ 38. Kb2 Rd3 39. Rc2+ Kxb4
40. Kc1 Rc3 41. Rxc3 Kxc3 0-1

[Event "DVM U14 2019"]
[Site "Magdeburg GER"]
[Date "2019.12.30"]
[Round "7"]
[White "Andreas, Bruno"]
[Black "Blazevic, Ksaver"]
[Result "1/2-1/2"]
[Termination "normal"]
[Board "9.3"]
[WhiteElo "1447"]
[BlackElo "1304"]
[WhiteTeam "USV TU Dresden"]
[BlackTeam "SF 1876 Göppingen"]
[PlyCount "74"]
[WhiteFideId "16274210"]
[BlackFideId "16255534"]
[EventCountry "GER"]
[EventRounds "7"]
[EventType "team-swiss"]
[EventDate "2019.12.26"]

1. e4 c5 2. Nf3 a6 3. d4 cxd4 4. Nxd4 e5 5. Nf3 Nc6 6. a3 Nf6 7. Nc3 d6 8. Bc4
Be7 9. O-O O-O 10. h3 b5 11. Ba2 h6 12. Re1 Bb7 13. Be3 Re8 14. Qd3 Qc7 15.
Rad1 Rac8 16. Re2 Na5 17. Nd5 Nxd5 18. Bxd5 Bxd5 19. Qxd5 Nc4 20. Bc1 Qc5 21.
Qxc5 Rxc5 22. b3 Nb6 23. Be3 Rc6 24. Bxb6 Rxb6 25. Nh2 Rc8 26. Red2 Rbc6 27.
Ng4 Rxc2 28. Ne3 Rxd2 29. Rxd2 g6 30. Rc2 Rxc2 31. Nxc2 a5 32. a4 b4 33. Ne3
Kg7 34. Nc4 f5 35. f3 fxe4 36. fxe4 Bd8 37. Nxd6 Kf6 1/2-1/2

[Event "DVM U14 2019"]
[Site "Magdeburg GER"]
[Date "2019.12.30"]
[Round "7"]
[White "Heilig, Tim Markus"]
[Black "Posselt, Daniel"]
[Result "0-1"]
[Termination "normal"]
[Board "9.4"]
[WhiteElo "1191"]
[BlackElo "1289"]
[WhiteTeam "SF 1876 Göppingen"]
[BlackTeam "USV TU Dresden"]
[PlyCount "114"]
[WhiteFideId "16295935"]
[BlackFideId "16298241"]
[EventCountry "GER"]
[EventRounds "7"]
[EventType "team-swiss"]
[EventDate "2019.12.26"]

1. e4 e5 2. Nf3 Nc6 3. Bc4 Bc5 4. c3 Nf6 5. d3 h6 6. O-O d6 7. b4 Bb6 8. a4 a5
9. b5 Ne7 10. Na3 O-O 11. Nc2 Be6 12. Ba2 c6 13. bxc6 bxc6 14. Be3 Qc7 15. Bxb6
Qxb6 16. Ne3 Rfd8 17. Qd2 Qc7 18. Rfb1 Rab8 19. h3 d5 20. exd5 cxd5 21. d4 exd4
22. cxd4 Ne4 23. Qe1 Nc6 24. Rc1 Qd7 25. Rc2 Nb4 26. Re2 Rdc8 27. Bb1 Nc3 28.
Rb2 Nxb1 29. Rbxb1 Qa7 30. Qd2 f6 31. Rc1 Bf7 32. Nf5 Bg6 33. Ne3 Qd7 34. Rxc8+
Rxc8 35. Ne1 Kh7 36. Ra3 Qc6 37. Kh1 Qc1 38. Qxc1 Rxc1 39. Kh2 Rxe1 40. Ng4 Rd1
41. Re3 Rxd4 42. Re7 Kg8 43. Re1 Nc2 44. Rc1 Rxa4 45. Rd1 d4 46. Kg1 Ra1 47.
Rxa1 Nxa1 48. Kf1 Kf7 49. f3 Ke6 50. Ke1 Kd5 51. Kd2 Kc4 52. Nf2 Nb3+ 53. Kd1
a4 54. g4 a3 55. f4 Bd3 56. h4 a2 57. g5 a1=Q# 0-1

[Event "DVM U14 2019"]
[Site "Magdeburg GER"]
[Date "2019.12.30"]
[Round "7"]
[White "Kalina, Lena"]
[Black "Schuh, Ramon"]
[Result "1/2-1/2"]
[Termination "normal"]
[Board "10.1"]
[WhiteElo "1571"]
[BlackElo "1360"]
[WhiteTeam "SC Landskrone"]
[BlackTeam "FVS ASP Hoyerswerda"]
[PlyCount "97"]
[WhiteFideId "12988014"]
[BlackFideId "16215982"]
[EventCountry "GER"]
[EventRounds "7"]
[EventType "team-swiss"]
[EventDate "2019.12.26"]

1. d4 Nf6 2. c4 g6 3. Nf3 Bg7 4. g3 d6 5. Bg2 O-O 6. O-O c6 7. Nc3 Nbd7 8. b3
Qc7 9. Bb2 a6 10. Rc1 Rb8 11. Qd3 b6 12. Ba3 c5 13. Rfd1 b5 14. Bb2 Qa5 15. e4
Rd8 16. e5 dxe5 17. dxe5 Ng4 18. Nd5 Bf8 19. h3 Nh6 20. Rc2 bxc4 21. Rxc4 Qxa2
22. Bc1 Rxb3 23. Rc3 Rxc3 24. Qxc3 Bb7 25. Nb6 Qe6 26. Nxd7 Rxd7 27. Re1 Qb6
28. Bb2 e6 29. Nd2 Bxg2 30. Kxg2 Nf5 31. Ne4 Be7 32. Nf6+ Bxf6 33. exf6 Qc6+
34. Qf3 Qxf3+ 35. Kxf3 Kf8 36. Ra1 Rd6 37. Be5 Rc6 38. Rb1 Rc8 39. Rb6 a5 40.
Ra6 c4 41. Rxa5 c3 42. Ra1 c2 43. Rc1 Ke8 44. g4 Rc5 45. Ke4 Rc4+ 46. Kd3 Rc5
47. Ke4 Rc4+ 48. Kd3 Rc5 49. Ke4 1/2-1/2

[Event "DVM U14 2019"]
[Site "Magdeburg GER"]
[Date "2019.12.30"]
[Round "7"]
[White "Friedrich, Eddie"]
[Black "Müller, Maurice-Pascal"]
[Result "1/2-1/2"]
[Termination "normal"]
[Board "10.2"]
[WhiteElo "1507"]
[BlackElo "1673"]
[WhiteTeam "FVS ASP Hoyerswerda"]
[BlackTeam "SC Landskrone"]
[PlyCount "114"]
[WhiteFideId "16274946"]
[BlackFideId "16243340"]
[EventCountry "GER"]
[EventRounds "7"]
[EventType "team-swiss"]
[EventDate "2019.12.26"]

1. d4 Nf6 2. Nf3 g6 3. Bf4 Bg7 4. e3 O-O 5. Bd3 d6 6. O-O c6 7. c4 Nbd7 8. h3
Re8 9. Be2 Nf8 10. Nc3 Nh5 11. Bh2 f5 12. Ng5 Nf6 13. Qb3 h6 14. c5+ d5 15. Nf3
Kh7 16. Ne5 e6 17. Rad1 Qe7 18. Kh1 N8d7 19. f4 Rh8 20. Rf2 Nxe5 21. fxe5 Nd7
22. Qa3 Nf8 23. b4 Kg8 24. Kg1 h5 25. g3 Bd7 26. Qb2 Be8 27. b5 Nh7 28. bxc6
bxc6 29. Rb1 Ng5 30. Kg2 h4 31. g4 Nf7 32. Qb7 Qd8 33. Qa6 Bh6 34. Bf4 g5 35.
Bh2 Bd7 36. Qa4 Bg7 37. Qa6 Nh6 38. a3 Qe8 39. Qa4 Qg6 40. Qc2 Rf8 41. Rb7 Qe8
42. Rxa7 Rh7 43. Qd1 Bh8 44. Qf1 Rhf7 45. Rb7 Qa8 46. Rb3 Be8 47. a4 Ra7 48.
Qb1 Qd8 49. Rb6 Qe7 50. Qa1 Rb7 51. a5 Bg6 52. Qb2 Rc7 53. a6 Nf7 54. Rf1 Nd8
55. Rb8 Qd7 56. Rb4 Bg7 57. Rb8 Bh6 1/2-1/2

[Event "DVM U14 2019"]
[Site "Magdeburg GER"]
[Date "2019.12.30"]
[Round "7"]
[White "Behr, Julian"]
[Black "Lesnikowski, Maciej"]
[Result "1/2-1/2"]
[Termination "normal"]
[Board "10.3"]
[WhiteElo "1645"]
[BlackElo "1366"]
[WhiteTeam "SC Landskrone"]
[BlackTeam "FVS ASP Hoyerswerda"]
[PlyCount "92"]
[WhiteFideId "16255410"]
[BlackFideId "21038910"]
[EventCountry "GER"]
[EventRounds "7"]
[EventType "team-swiss"]
[EventDate "2019.12.26"]

1. e4 e5 2. Nf3 d6 3. Bc4 Nc6 4. d3 Be7 5. h3 Be6 6. Bb3 Nf6 7. Nc3 h6 8. O-O
Qd7 9. Be3 g5 10. Nh2 O-O-O 11. Nd5 Rdg8 12. Qe2 Kb8 13. a3 h5 14. f3 Rg7 15.
Nxf6 Bxf6 16. Bxe6 Qxe6 17. b4 Be7 18. c3 f5 19. exf5 Qxf5 20. a4 Nd8 21. d4
Nf7 22. a5 Qd7 23. Qf2 a6 24. c4 Bf6 25. d5 Rgh7 26. Rab1 Qa4 27. Rfc1 Bd8 28.
c5 dxc5 29. Bxc5 Qd7 30. Rd1 Nd6 31. Qe2 Re8 32. Rbc1 Qb5 33. Qc2 Rd7 34. Qg6
Rh8 35. Bxd6 Rxd6 36. Qe4 Re8 37. Nf1 c6 38. dxc6 Rxc6 39. Kh1 Rxc1 40. Rxc1
Re7 41. Qf5 Re8 42. Rc8+ Ka7 43. Nd2 Be7 44. Rxe8 Qxe8 45. Qxe5 Qd7 46. Qe3+
Ka8 1/2-1/2

[Event "DVM U14 2019"]
[Site "Magdeburg GER"]
[Date "2019.12.30"]
[Round "7"]
[White "Stark, Niklas"]
[Black "Dittenberger, Nico"]
[Result "0-1"]
[Termination "normal"]
[Board "10.4"]
[WhiteElo "942"]
[BlackElo "1362"]
[WhiteTeam "FVS ASP Hoyerswerda"]
[BlackTeam "SC Landskrone"]
[PlyCount "92"]
[WhiteFideId "16298250"]
[BlackFideId "12996254"]
[EventCountry "GER"]
[EventRounds "7"]
[EventType "team-swiss"]
[EventDate "2019.12.26"]

1. e4 e5 2. Nf3 Nc6 3. Nc3 Bc5 4. Bc4 Nf6 5. d3 h6 6. Be3 Bxe3 7. fxe3 O-O 8.
O-O d6 9. Qe2 Na5 10. Bb3 Nxb3 11. axb3 Re8 12. Rad1 Qe7 13. Qf2 Ng4 14. Qd2
Nf6 15. Rfe1 Bg4 16. Qf2 Nh5 17. h3 Bxf3 18. Qxf3 Nf6 19. d4 Rad8 20. Nd5 Nxd5
21. exd5 Qf6 22. Qxf6 gxf6 23. dxe5 fxe5 24. e4 Rf8 25. Rf1 c6 26. dxc6 bxc6
27. Ra1 Rd7 28. Ra6 Rc7 29. Rd1 Rd8 30. c4 Kg7 31. Kf2 Rdd7 32. b4 d5 33. exd5
cxd5 34. c5 Rb7 35. Rd6 d4 36. Rxd7 Rxd7 37. Kf3 f5 38. b5 Rb7 39. c6 Rxb5 40.
Rc1 Rb3+ 41. Kf2 Rxb2+ 42. Kf1 Rb8 43. c7 Rc8 44. Kf2 Kf7 45. Rc5 Ke6 46. Rc6+
Kd5 0-1